000 00406nam a2200145Ia 4500
008 240126s9999 xx 000 0 und d
041 _aEnglish
082 _aLIBRARY-VII
245 0 _aIndian Journal of Training and Development (1999 -
260 _bIndian Society for Trainning & Development
440 _aNULL
650 _aManagement, HR
650 _aTraining,(1999,-,Management,HR
942 _cJN
999 _c277249
_d277249